000 00924nam0a22002531 4500
001 rc\409099
005 20250621074517.0
035 _a(NLR Aleph) 005657216
090 _a6834614
_c6834614
100 _a20030616d1988 |||y0rusy50 ca
101 0 _arus
102 _aRU
105 _ay |||||||||
200 1 _aНациональный доход ТССР и факторы его роста в XII пятилетке
_e(В помощь лектору)
_fО-во "Знание" ТССР
210 _aАшхабад
_cО-во "Знание" ТССР
_d1988
215 _a20 с.
_d20
300 _aНа обороте тит. л. авт.: Аманмурадов Х.А., к. э. н.
320 _aБиблиогр.: с. 20
700 1 _aАманмурадов
_bХ.А.
_gХыдыр Аманмурадович
801 0 _aRU
_bNLR
_gpsbo
801 1 _aRU
_bELAR
_2rusmarc
852 _aNLR
_j88-4/24261
942 _cBOOK
980 _aNB